000 00760cam a2200265 i 4500
001 7134
003 BD-RjUL
005 20211208234353.0
008 130114s1978 enka b 001 0 eng
020 _a0521214092 :
_a0521291429
035 _a(BD-RjUL)7176
040 _aDLC
_cDLC
_dDLC
_dBD-RjUL
_beng
041 _aeng
082 0 0 _a512.22
_219
_bROC 1978
100 1 _aRose, John S.,
_d1938-
_922323
245 1 2 _aA course on group theory /
_cJohn S. Rose.
260 _aCambridge ;
_aNew York :
_bCambridge University Press,
_c1978.
300 _aix, 310 p. :
_bill. ;
_c24 cm.
500 _aIncludes indexes.
504 _aBibliography: p. 295-300.
650 0 _aGroup theory.
_920343
942 _2ddc
_cBK
999 _c7134
_d7134